000 00334 a2200133 4500
000 nam a22 7a 4500
100 _aBihari Lal
110 _aBihari Lal
245 _aShrimad bhagwat me pratibimbit sanskriti
250 _aLatest edition
260 _bBaba Publication
_c2026
264 _bBaba Publication
_c2026
942 _cBK
999 _c395840
_d395840